000 00601nam a2200181 a 4500
001 1764501179448
003 ACL
005 20251130164525.0
008 251130s1994##################000#0#eng##
020 _a9789054103790
082 0 4 _a624.17
_bSCH
100 1 _aSchuëller, Gerhart Iwo,
_eauthor.
245 1 0 _aStructural safety & reliability : proceedings of ICOSSAR '93, the 6th International Conference on Structural Safety and Reliability, Innsbruck, Austria, 9 - 13 August 1993. 3 :
260 _c1994.
650 0 _aReliability (Engineering).
942 _cENGLISH
040 _aACL
_beng
_cACL
999 _c599530
_d599530